Introduction to the theory and applications of functional differential equations /

Guardado en:
Autor Principal: Kolmanovskii, Vladimir Borisovich.
Otros Autores: Myshkis, A. D.
Formato: Libro
Idioma:English
Publicado: Dordrecht : Kluwer Academic Publishers, c1999.
Series:Mathematics and its applications (Kluwer Academic Publishers) ; v. 463.
Materias:
Acceso en línea:Publisher description
Table of contents only
Etiquetas: Agregar Etiqueta
Sin Etiquetas, Sea el primero en etiquetar este registro!
LEADER 01191pam a2200265 a 4500
001 MAT.inmabb006477
008 981019s1999####ne#a#####b####001#0#eng##
005 20110607161738.0
245 1 0 |a Introduction to the theory and applications of functional differential equations /  |c by V. Kolmanovskii and A. Myshkis. 
260 |a Dordrecht :  |b Kluwer Academic Publishers,  |c c1999. 
300 |a xvi, 648 p. :  |b il. ;  |c 25 cm. 
490 1 |a Mathematics and its applications ;  |v v. 463 
504 |a Incluye referencias bibliográficas (p. 601-641) e índice. 
510 4 |a MR,  |c 2000c:34164 
020 |a 0792355040 (hardcover) 
100 1 |a Kolmanovskii, Vladimir Borisovich. 
700 1 |a Myshkis, A. D.  |q (Anatolii Dmitrievich) 
830 0 |a Mathematics and its applications (Kluwer Academic Publishers) ;  |v v. 463. 
650 0 |a Functional differential equations. 
084 |a 34Kxx (49J25 93C23)  |2 msc2000 
010 |a  98049064  
040 |a DLC  |c DLC  |d DLC 
856 4 2 |3 Publisher description  |u http://www.loc.gov/catdir/enhancements/fy0814/98049064-d.html 
856 4 1 |3 Table of contents only  |u http://www.loc.gov/catdir/enhancements/fy0814/98049064-t.html 
859 |h 34  |i K81  |p A-8679  |b BIB. MATEMATICA